000 00523nam a2200181Ia 4500
005 20250923144732.0
008 008 250917s9999 xx 000 0 eng d
037 _aTextual
040 _aDSWL
_beng
_cDSWL
041 _aeng
_2eng
084 _aS6, H0;2
_qDSWL
100 _aBrown, J.F.
_9827881
245 0 _aPsychodynamics of abnormal behavior
_cby J.F. Brown
260 _aNew York
_bMcGraw Hill Book co.
_c1940
300 _axvi,484p.
942 _cTEXL
_hS6, H0;2
999 _c1442692
_d1442692